Statistics for Anthems of England

Click here to take the quiz!

General Stats

  • This quiz has been taken 27 times
  • The average score is 2 of 8

Answer Stats

HintAnswer% Correct
"And did those feet in ancient time" a.k.a.Jerusalem
85%
The national anthem sung by England's teams at sporting eventsGod Save the Queen
78%
Famous rousing patriotic song by Benson & ElgarLand of hope and glory
56%
Another sporting anthem, was sung at Queen Elizabeth's weddingAbide with Me
7%
Song written in WWII, famously sung by Vera LynnThere'll always be an England
4%
Maggie Holland's Best Original Song Award winning songA Place called England
0%
Famous song from Ivor Novello's musical "Crest of the wave"Rose of England
0%
Flanders and Swann's patriotic songSong of Patriotic Prejudice
0%

Score Distribution

Percentile by Number Answered

Percent of People with Each Score

Your Score History

You have not taken this quiz